000 00851nam a2200229Ia 4500
999 _c50522
_d50522
003 GCL
005 20240530104752.0
008 140319s1989 ua 000 0 ara d
020 _a9771520083
040 _aGCL /
_cGCL
082 0 4 _a135.3/
_bس ت
100 1 _aابن سيرين : ابو بكر محمد بن سيرين البصرى الانصارى
245 1 0 _aتفسير احلام التفاؤل /
_cابو بكر محمد بن سيرين البصرى الانصارى ابن سيرين
260 _aالقاهرة :
_bمكتبة الايمان للطبع والنشر والتوزيع ،
_c1989
300 _a87 ص ؛
_c24 سم
650 0 4 _aالاحلام
650 0 4 _aاللاشعور
650 0 4 _aالرؤيا
650 0 4 _aالاحلام - تفسير
650 0 4 _aاحلام التفاؤل - تفسير
942 _2ddc
_cBK